000 00587nam a2200193Ia 4500
005 20260114185722.0
008 008 260114s9999 xx 000 0 eng d
020 _a9781350387539
037 _aEBOOK
040 _aCRL
_beng
_cCRL
041 _aeng
_2eng
084 _qCRL
100 _aDavid Gregg, Howard Tomlinson
_9873541
245 0 _aPolitics, Religion and Society in England 1640-1660
260 _bBloomsbury
_c1989
856 _uhttps://doi.org/10.1007/978-1-349-07989-6?locatt=label:secondary_bloomsburyCollections
942 _cEBOOK
999 _c1472489
_d1472489